000 00631nam a2200241 i 4500
001 C2-0287196
003 PPAK
005 20180728020532.0
008 080206s2005 ii a|||| ||||| | eng d
020 _a8123743742
040 _aPPAK
_beng
_cPPAK
_erda
082 0 4 _a523.8
_223
090 0 0 _a523.8
_bJAY
_dG
100 0 _aJayant Narlikar,
_eauthor
245 1 0 _aBlack holes
264 1 _aNew Delhi :
_bNational Book Trust ,
_c2005
300 _a66 pages :
_billustrations ;
_c21 cm
336 _2rdacontent
_atext
337 _2rdamedia
_aunmediated
338 _2rdacarrier
_avolume
650 1 0 _aGalaxies
942 _ddc
_cB
999 _c92899
_d92899